01182nam a2200241 a 450000100100000000500170001000800410002702000150006804000250008308200150010810000460012324500730016926000720024230000200031449000350033470000240036983000420039395201280043595201280056395201130069195201190080499900170092300003818720201002031205.0110214s2003 dr 000 0 spa d a9993403644 aDO-SdBNPbspacBNPHU axxxbC933u1 aCristophe Tchakaloff, Marie-France95182813aLa Unión Europea /cMrie-France Cristophe Tchakaloff, Carlos Abad. aSanto Domingo :bFundación Global Democracia y Desarrollo,c2003. a53 p. ;c24 cm.1 aPensamiento Contemporáneov21 aAbad, Carlos951830 0aPensamiento Contemporáneon2951831 001054708DSaGRbGRcHDd2014-03-18iLF1l0oxxx C933up38187-30r2020-06-25te. 3w2020-06-25yLFDSZPréstamo en sala 001154708DSaGRbGRcMId2014-03-18iLF1l0oxxx C933up38187-40r2020-06-25te. 4w2020-06-25yLFDSZPréstamo en sala 0010718PDaPDbPDcHDd2013-03-21iLF1l0oxxx C933up38187-10r2020-06-25w2020-06-25yLFPDZNo se presta 0010718PDaPDbPDcHDd2014-03-18iLF1l0oxxx C933up38187-20r2020-06-25te. 2w2020-06-25yLFPDZNo se presta c37677d37677